00376 2200157 4500245004000000020002200040250001200062100001600074700001500090005001900105260004600124041001400170084001100184300001400195336000900209 aTuhan Maha AsyikcSuwijo TejohText a978-602-7926-29-5 aCet. 11 aSuwijo Tejo aTofik Pram a20240926084314 aTanggerang SelatanbPenerbit Imaniac2019 aIndonesia a297.71 a245 hlm : atext